Bilecik Bilecik Bilecik Bilecik Bilecik

Psikolojinin kavramsal yapısı/ (Record no. 9767)

MARC details
000 -BAŞLIK
Sabit Uzunluktaki Kontrol Alanı 01604nam a22003377a 4500
001 - KONTROL NUMARASI
Control Dosyası 0009795
003 - KONTROL NUMARASI KİMLİĞİ
Kontrol Alanı KOHA_MİRAKIL
005 - EN SON İŞLEM TARİHİ ve ZAMANI
Kontrol Alanı 20260207001722.0
007 - FİZİKSEL TANIM SABİT ALAN - GENEL BİLGİ
Sabit uzunluklu kontrol alanı ta
008 - SABİT UZUNLUKTAKİ VERİ ÖGELERİ - GENEL BİLGİ
Sabit Alan 091026b2000 tu |||gr||||#||||0|tur |
020 ## - ISBN - ULUSLARARASI STANDART KİTAP NUMARASI
Isbn 9754373299
040 ## - KATALOGLAMA KAYNAĞI
Özgün Kataloglama Kurumu TR-BiSEU
Kataloglama Dili tur
Çeviri Kurumu TR-BiSEU
Açıklama Kuralları rda
041 0# - DİL KODU
Metin ya da ses kaydının dil kodu tur
044 ## - YAYINLAYAN/ÜRETEN KURULUŞUN ÜLKE KODU
ISO country code tu
050 ## - SINIFLAMA ve YER NUMARASI
Sınıflama Numarası BF128
Yer Numarası .O93 2000
100 1# - KİŞİ ADI
Yazar Adı (Kişi adı) Özakpınar, Yılmaz.
245 1# - ESER ADI BİLDİRİMİ
Başlık Psikolojinin kavramsal yapısı/
Sorumluluk Bildirimi Yılmaz Özakpınar ; Yılmaz Özakpınar.
264 #1 - ÜRERİM, YAYIN, DAĞITIM ve TELİF BİLDİRİMİ
Yayın yeri İstanbul :
Yayınlayan Ötüken
Yayın tarihi 2000
300 ## - FİZİKSEL TANIMLAMA
Sayfa, Cilt vb. 200 sayfa; 19 cm.
336 ## - İÇERİK TÜRÜ
Content type term metin
Content type code txt
Source rdacontent
337 ## - MEDYA TÜRÜ
Media type term aracısız
Media type code n
Source rdamedia
338 ## - TAŞIYICI TÜRÜ
Carrier type term cilt
Carrier type code nc
Source rdacarrier
490 1# - DİZİ BİLDİRİMİ
Dizi Bildirimi Yayın nu ;
Cilt Numarası 457.
490 1# - DİZİ BİLDİRİMİ
Dizi Bildirimi Kültür serisi ;
Cilt Numarası 222.
505 ## - İÇİNDEKİLER NOTU
İçindekiler Notu Çağdaş psikolojinin içine düştüğü bir yanlışı düzeltiyor. Bir temel bilim olarak psikolojinin içerdiği kavramları, problemleri ve metodolojiyi eleştirel bir incelemeye alıyor. Kendi çalışmalarının ürünü olan tutarlı bir teorik yönelişi sistematik biçimde geliştiriyor. Doktrinci behaviorizm mengenesinden kurtulan çağdaş psikolojinin, Darwinizm, materyalizm ve pozitivizmin etkisinden hâlâ kurtulamadığını ve yanlış tasarlanmış bir objektiflik gayretiyle, insanı hayvanlarla aynı düzlemde gördüğünü belirtiyor. Bu kitap insanın başka hiçbir canlı türünde bulunmayan ayırt edici niteliğini vurguluyor.
650 #0 - KONU BAŞLIĞI EK GİRİŞ - KONU TERİMİ
Konusal terim veya coğrafi ad Psychology.
9 (RLIN) 3927
650 #0 - KONU BAŞLIĞI EK GİRİŞ - KONU TERİMİ
Konusal terim veya coğrafi ad Psikoloji.
9 (RLIN) 3924
830 1# - SERİ EK GİRİŞİ - TEKBİÇİM ESER ADI
Tekbiçim Başlık Yayın nu ;
Volume number/sequential designation 457.
9 (RLIN) 9059
830 1# - SERİ EK GİRİŞİ - TEKBİÇİM ESER ADI
Tekbiçim Başlık Kültür serisi ;
Volume number/sequential designation 222.
9 (RLIN) 5523
942 ## - EK GİRİŞ ÖGELERİ (KOHA)
Source of classification or shelving scheme Library of Congress Classification
Koha item type Book
505 ## - İÇİNDEKİLER NOTU
--
Holdings
Materyal Türü Kalıcı Konum Mevcut Konum Raf Yeri Sınıflandırma Kaynağı Edinim Bilgisi Ana Konular Alt Konular Yer Numarası Demirbaş Numarası Fatura Tarihi Maliyet, Alış Fiyatı Maliyet, Yenileme Fiyatı Geri Çekilme Durumu Kayıp Durumu Hasarlı Durumu Kredi için değil Kayıt Tarih Toplam Ödünçverme Son Görülme Tarihi Son Kontrol Tarihi Genel / Bağış Notu
Book Prof. Dr. Azmi Özcan Kütüphanesi Prof. Dr. Azmi Özcan Kütüphanesi Uluğbey Salonu Library of Congress Classification Bağış FELSEFE, PSİKOLOJİ, DİN Psikoloji BF128 .O93 2000 0009795 13/08/2010 3.50 3.50         26/10/2009 2 05/12/2024 05/12/2024 Ötüken Yayınevi